Normal view
MARC view
- Bush, Randall.
Entry Personal Name
001 - CONTROL NUMBER
- control field: 21835
003 - CONTROL NUMBER IDENTIFIER
- control field: NUST
005 - DATE AND TIME OF LATEST TRANSACTION
- control field: 20190927152651.0
008 - FIXED-LENGTH DATA ELEMENTS
- fixed length control field: 190927|| aca||aabn | a|a d
040 ## - CATALOGING SOURCE
- Original cataloging agency: NUST
- Transcribing agency: NUST
100 ## - HEADING--PERSONAL NAME
- Personal name: Bush, Randall.
670 ## - SOURCE DATA FOUND
- Source citation: Work cat.: (NUST)0: Poister, Theodore H. 21830, Innovative strategies to upgrade personnel in state transportation departments /, [1990]
